| 000 | 00354nam a2200157Ia 4500 | ||
|---|---|---|---|
| 003 | Ost | ||
| 005 | 20260225132558.0 | ||
| 008 | 260225s9999||||xx |||||||||||||| ||und|| | ||
| 040 | _cfsic | ||
| 041 | _afre | ||
| 082 | _a190 | ||
| 100 |
_adidier julia _eAuteur |
||
| 245 | 0 | _adictionnaire de la philosophie / | |
| 245 | 0 | _cdidier julia | |
| 942 | _cكتاب | ||
| 999 |
_c34604 _d34604 |
||